Posłowie na sejm RP X Kadencji - Statystyki

Ogólne statystyki
  • Ten quiz został rozwiązany 26 razy
  • Średni wynik to 46 z 456
Statystyki odpowiedzi
Klub Poseł % Poprawnych
Koalicja Obywatelska Donald Tusk
90%
PIS Jarosław Kaczyński
90%
Konfederacja Sławomir Mentzen
90%
PIS Filip Kaczyński
85%
PIS Mateusz Morawiecki
85%
Trzecia droga - Polska 2050 Maja Nowak
80%
Trzecia droga - Polska 2050 Szymon Hołownia
80%
Koalicja Obywatelska Tomasz Nowak
80%
Konfederacja Karina Bosak
75%
Konfederacja Krzysztof Bosak
75%
Koalicja Obywatelska Paweł Kowal
75%
Konfederacja Grzegorz Braun
70%
PIS Janusz Kowalski
70%
Lewica Włodzimierz Czarzasty
70%
Kukiz 15 Paweł Kukiz
65%
PIS Zbigniew Ziobro
65%
Lewica Anna Żukowska
60%
Trzecia droga - PSL Władysław Kosiniak
60%
Koalicja Obywatelska Borys Budka
55%
PIS Elżbieta Witek
55%
Koalicja Obywatelska Przemysław Witek
55%
PIS Ryszard Terlecki
55%
Lewica Adrian Zandberg
50%
PIS Mariusz Błaszczak
50%
PIS Przemysław Czarnek
50%
Konfederacja Konrad Berkowicz
45%
Kukiz 15 Marek Jakubiak
45%
Koalicja Obywatelska Barbara Nowacka
40%
PIS Jacek Sasin
40%
Konfederacja Roman Fritz
40%
Niezrzeszony Adam Gomoła
35%
Lewica Agnieszka Dziemianowicz
35%
Kukiz 15 Jarosław Sachajko
35%
Lewica Katarzyna Kotula
35%
Koalicja Obywatelska Marcin Kierwiński
35%
Lewica Paulina Matysiak
35%
Konfederacja Przemysław Wipler
35%
Konfederacja Witold Tumanowicz
35%
Konfederacja Włodzimierz Skalik
35%
Konfederacja Bartłomiej Pejo
30%
Koalicja Obywatelska Bartłomiej Sienkiewicz
30%
Trzecia droga - Polska 2050 Izabela Bodnar
30%
PIS Jan Ardanowski
30%
Lewica Joanna Scheuring
30%
PIS Łukasz Schreiber
30%
PIS Marcin Romanowski
30%
Konfederacja Michał Wawer
30%
Konfederacja Stanisław Tyszka
30%
PIS Antoni Macierewicz
25%
Koalicja Obywatelska Bartosz Arłukowicz
25%
Koalicja Obywatelska Dariusz Joński
25%
PIS Dariusz Matecki
25%
PIS Elżbieta Duda
25%
Koalicja Obywatelska Katarzyna Lubnauer
25%
Lewica Krzysztof Gawkowski
25%
Lewica Krzysztof Śmiszek
25%
Lewica Łukasz Litewka
25%
Trzecia droga - Polska 2050 Michał Gramatyka
25%
PIS Michał Wójcik
25%
Koalicja Obywatelska Monika Wielichowska
25%
Trzecia droga - Polska 2050 Paulina Hennig
25%
PIS Piotr Kaleta
25%
PIS Piotr Muller
25%
Konfederacja Ryszard Wilk
25%
PIS Sebastian Kaleta
25%
PIS Teresa Wilk
25%
Koalicja Obywatelska Tomasz Siemoniak
25%
Koalicja Obywatelska Adam Szłapka
20%
Konfederacja Andrzej Zapałowski
20%
Konfederacja Bronisław Foltyn
20%
Koalicja Obywatelska Dorota Niedziela
20%
Konfederacja Grzegorz Płaczek
20%
PIS Henryk Kowalczyk
20%
PIS Jarosław Zieliński
20%
Konfederacja Krzysztof Mulawa
20%
Lewica Maciej Konieczny
20%
Lewica Marcelina Zawisza
20%
PIS Michał Dworczyk
20%
Koalicja Obywatelska Michał Szczerba
20%
Trzecia droga - Polska 2050 Paweł Zalewski
20%
Koalicja Obywatelska Roman Giertych
20%
PIS Szymon Szynkowski
20%
PIS Tomasz Zieliński
20%
Lewica Wiesław Szczepański
20%
Trzecia droga - Polska 2050 Aleksandra Leo
15%
PIS Arkadiusz Mularczyk
15%
Koalicja Obywatelska Cezary Tomczyk
15%
Lewica Daria Gosek
15%
Trzecia droga - PSL Dariusz Klimczak
15%
Lewica Dariusz Wieczorek
15%
Lewica Dorota Olko
15%
PIS Jarosław Wieczorek
15%
Trzecia droga - PSL Krzysztof Hetman
15%
Konfederacja Krzysztof Tuduj
15%
Trzecia droga - PSL Magdalena Sroka
15%
PIS Marek Kuchciński
15%
Trzecia droga - PSL Marek Sawicki
15%
PIS Marek Suski
15%
PIS Mariusz Gosek
15%
PIS Marlena Maląg
15%
PIS Michał Woś
15%
Trzecia droga - Polska 2050 Paweł Śliz
15%
Koalicja Obywatelska Paweł Suski
15%
PIS Piotr Gliński
15%
PIS Radosław Fogiel
15%
Trzecia droga - Polska 2050 Ryszard Petru
15%
Trzecia droga - Polska 2050 Sławomir Ćwik
15%
Koalicja Obywatelska Sławomir Nitras
15%
Lewica Tomasz Trela
15%
Koalicja Obywatelska Urszula Zielińska
15%
Lewica Wanda Nowicka
15%
PIS Adam Andruszkiewicz
10%
Koalicja Obywatelska Aleksandra Gajewska
10%
Koalicja Obywatelska Aleksandra Wiśniewska
10%
PIS Andrzej Adamczyk
10%
Koalicja Obywatelska Andrzej Domański
10%
PIS Anita Czerwińska
10%
PIS Anna Baluch
10%
Koalicja Obywatelska Arkadiusz Marchewka
10%
PIS Barbara Bartuś
10%
Koalicja Obywatelska Bogusław Wołoszański
10%
Trzecia droga - PSL Czesław Siekierski
10%
Koalicja Obywatelska Elżbieta Polak
10%
Koalicja Obywatelska Ewa Kołodziej
10%
Koalicja Obywatelska Iwona Kozłowska
10%
Koalicja Obywatelska Izabela Leszczyna
10%
PIS Jacek Ozdoba
10%
PIS Jan Kanthak
10%
Trzecia droga - Polska 2050 Joanna Mucha
10%
Koalicja Obywatelska Kamila Gasiuk
10%
Lewica Katarzyna Ueberhan
10%
Koalicja Obywatelska Kinga Gajewska
10%
Koalicja Obywatelska Klaudia Jachira
10%
PIS Leonard Krasulski
10%
PIS Łukasz Mejza
10%
Koalicja Obywatelska Maciej Wróbel
10%
PIS Małgorzata Wassermann
10%
PIS Marcin Horała
10%
PIS Marek Ast
10%
Koalicja Obywatelska Mateusz Bochenek
10%
Koalicja Obywatelska Michał Jaros
10%
Trzecia droga - Polska 2050 Michał Kobosko
10%
Trzecia droga - Polska 2050 Mirosław Suchoń
10%
PIS Piotr Król
10%
PIS Piotr Polak
10%
Trzecia droga - PSL Piotr Zgorzelski
10%
PIS Rafał Bochenek
10%
PIS Waldemar Buda
10%
Koalicja Obywatelska Wojciech Król
10%
PIS Zbigniew Rau
10%
Trzecia droga - PSL Adam Dziedzic
5%
Trzecia droga - Polska 2050 Adam Luboński
5%
Trzecia droga - Polska 2050 Agnieszka Buczyńska
5%
PIS Agnieszka Górska
5%
Koalicja Obywatelska Agnieszka Pomaska
5%
PIS Agnieszka Wojciechowska
5%
Lewica Andrzej Szejna
5%
Lewica Anita Kucharska
5%
PIS Anna Dąbrowska
5%
PIS Anna Krupka
5%
PIS Anna Kwiecień
5%
PIS Anna Pieczarka
5%
Koalicja Obywatelska Anna Wojciechowska
5%
Koalicja Obywatelska Apoloniusz Tajner
5%
Koalicja Obywatelska Arkadiusz Myrcha
5%
Lewica Arkadiusz Sikora
5%
Koalicja Obywatelska Barbara Dolniak
5%
Trzecia droga - Polska 2050 Barbara Okuła
5%
Trzecia droga - Polska 2050 Barbara Oliwiecka
5%
Trzecia droga - Polska 2050 Bartosz Romowicz
5%
PIS Kacper Płażyński
5%
Trzecia droga - PSL Bożena Żelazowska
5%
Koalicja Obywatelska Czesław Mroczek
5%
PIS Dariusz Piontkowski
5%
PIS Dariusz Stefaniuk
5%
Koalicja Obywatelska Dorota Marek
5%
Trzecia droga - Polska 2050 Elżbieta Burkiewicz
5%
PIS Ewa Malik
5%
Trzecia droga - Polska 2050 Ewa Schadler
5%
Koalicja Obywatelska Franciszek Sterczewski
5%
PIS Grzegorz Woźniak
5%
PIS Jacek Bogucki
5%
Lewica Jacek Czerniak
5%
Koalicja Obywatelska Jacek Protas
5%
Trzecia droga - PSL Jacek Tomczak
5%
Koalicja Obywatelska Jan Grabiec
5%
PIS Jarosław Sellin
5%
Koalicja Obywatelska Jarosław Urbaniak
5%
Koalicja Obywatelska Jarosław Wałęsa
5%
PIS Joanna Borowiak
5%
Lewica Joanna Wicha
5%
PIS Józefa Szczurek
5%
PIS Kamil Bortniczuk
5%
PIS Katarzyna Czochara
5%
Koalicja Obywatelska Katarzyna Kierzek
5%
Koalicja Obywatelska Krzysztof Grabczuk
5%
Trzecia droga - PSL Krzysztof Paszyk
5%
PIS Krzysztof Sobolewski
5%
PIS Krzysztof Tchórzewski
5%
PIS Łukasz Kmita
5%
Trzecia droga - Polska 2050 Łukasz Osmalak
5%
Koalicja Obywatelska Magdalena Kołodziejczak
5%
PIS Małgorzata Gosiewska
5%
Koalicja Obywatelska Małgorzata Gromadzka
5%
Koalicja Obywatelska Marcin Bosacki
5%
Koalicja Obywatelska Marcin Józefaciuk
5%
Lewica Marcin Kulasek
5%
PIS Marcin Ociepa
5%
PIS Marcin Przydacz
5%
PIS Marcin Warchoł
5%
Koalicja Obywatelska Marek Sowa
5%
PIS Maria Koc
5%
Koalicja Obywatelska Marta Wcisło
5%
PIS Marzena Machałek
5%
Koalicja Obywatelska Michał Kołodziejczak
5%
Koalicja Obywatelska Monika Rosa
5%
Trzecia droga - Polska 2050 Norbert Pietrykowski
5%
PIS Paweł Szrot
5%
Trzecia droga - Polska 2050 Piotr Górnikiewicz
5%
Koalicja Obywatelska Piotr Kandyba
5%
Trzecia droga - Polska 2050 Rafał Kasprzyk
5%
Trzecia droga - Polska 2050 Rafał Komarewicz
5%
PIS Robert Gontarz
5%
Koalicja Obywatelska Robert Kropiwnicki
5%
Koalicja Obywatelska Robert Wardzała
5%
PIS Sławomir Zawiślak
5%
PIS Stanisław Szwed
5%
Trzecia droga - PSL Tadeusz Samborski
5%
Lewica Tadeusz Tomaszewski
5%
PIS Tadeusz Woźniak
5%
Koalicja Obywatelska Tomasz Kostuś
5%
Koalicja Obywatelska Tomasz Szymański
5%
Trzecia droga - Polska 2050 Tomasz Zimoch
5%
Trzecia droga - PSL Urszula Pasławska
5%
PIS Waldemar Andzel
5%
Trzecia droga - Polska 2050 Wioleta Tomczak
5%
Koalicja Obywatelska Witold Zembaczyński
5%
Trzecia droga - PSL Władysław Bartoszewski
5%
PIS Wojciech Szarama
5%
PIS Zbigniew Bogucki
5%
PIS Zbigniew Hoffmann
5%
Koalicja Obywatelska Zbigniew Konwiński
5%
Koalicja Obywatelska Adam Krzemiński
0%
Koalicja Obywatelska Adrian Witczak
0%
PIS Agata Wojtyszek
0%
Koalicja Obywatelska Agnieszka Hanajczyk
0%
Trzecia droga - PSL Agnieszka Kłopotek
0%
PIS Agnieszka Ścigaj
0%
PIS Agnieszka Soin
0%
PIS Aleksander Mrówczyński
0%
Koalicja Obywatelska Alicja Chybicka
0%
Koalicja Obywatelska Alicja Łepkowska
0%
PIS Andrzej Gawron
0%
Trzecia droga - PSL Andrzej Grzyb
0%
PIS Andrzej Gut
0%
PIS Andrzej Kosztowniak
0%
PIS Andrzej Kryj
0%
PIS Andrzej Śliwka
0%
Koalicja Obywatelska Andrzej Szewiński
0%
PIS Anna Cicholska
0%
PIS Anna Gembicka
0%
PIS Anna Milczanowska
0%
PIS Anna Schmidt
0%
Koalicja Obywatelska Anna Sobolak
0%
PIS Arkadiusz Czartoryski
0%
PIS Artur Chojecki
0%
Koalicja Obywatelska Artur Gierada
0%
Koalicja Obywatelska Artur Łącki
0%
PIS Artur Szałabawka
0%
PIS Bartłomiej Dorywalski
0%
PIS Bartłomiej Wróblewski
0%
PIS Bartosz Kownacki
0%
Koalicja Obywatelska Bartosz Zawieja
0%
Koalicja Obywatelska Bogdan Zdrojewski
0%
PIS Bolesław Piecha
0%
PIS Piotr Babinetz
0%
PIS Czesław Hoc
0%
PIS Daniel Milewski
0%
Koalicja Obywatelska Danuta Jazłowiecka
0%
PIS Bożena Borys
0%
PIS Dominika Chorosińska
0%
PIS Dorota Arciszewska
0%
Koalicja Obywatelska Dorota Łoboda
0%
PIS Edward Siarka
0%
Koalicja Obywatelska Elżbieta Gapińska
0%
Koalicja Obywatelska Elżbieta Gelert
0%
PIS Ewa Leniart
0%
Trzecia droga - Polska 2050 Ewa Szymanowska
0%
PIS Fryderyk Kapinos
0%
Koalicja Obywatelska Gabriela Lenartowicz
0%
PIS Grzegorz Gaża
0%
PIS Grzegorz Lorek
0%
PIS Grzegorz Matusiak
0%
Koalicja Obywatelska Grzegorz Napieralski
0%
PIS Grzegorz Piechowiak
0%
PIS Grzegorz Puda
0%
Koalicja Obywatelska Henryka Krzywonos
0%
Trzecia droga - PSL Henryk Kiepura
0%
Koalicja Obywatelska Henryk Szopiński
0%
Trzecia droga - PSL Ireneusz Raś
0%
PIS Ireneusz Zyska
0%
PIS Iwona Arent
0%
Koalicja Obywatelska Iwona Hartwich
0%
Koalicja Obywatelska Iwona Karolewska
0%
Koalicja Obywatelska Iwona Krawczyk
0%
Koalicja Obywatelska Izabela Mrzygłocka
0%
Koalicja Obywatelska Jacek Karnowski
0%
Koalicja Obywatelska Jacek Niedźwiecki
0%
PIS Jacek Osuch
0%
PIS Jacek Świat
0%
Koalicja Obywatelska Jagna Marczułajtis
0%
Koalicja Obywatelska Jakub Rutnicki
0%
PIS Jan Dziedziczak
0%
PIS Jan Mosiński
0%
Koalicja Obywatelska Janusz Cichoń
0%
PIS Janusz Cieszyński
0%
PIS Jan Warzecha
0%
Trzecia droga - PSL Jarosław Rzepa
0%
PIS Jerzy Materna
0%
PIS Jerzy Polaczek
0%
Koalicja Obywatelska Joanna Frydrych
0%
Koalicja Obywatelska Joanna Kluzik
0%
PIS Joanna Lichocka
0%
Koalicja Obywatelska Jolanta Niezgodzka
0%
Trzecia droga - PSL Jolanta Zięba
0%
Trzecia droga - Polska 2050 Kamil Wnuk
0%
Koalicja Obywatelska Karolina Pawliczak
0%
Koalicja Obywatelska Katarzyna Matusik
0%
Koalicja Obywatelska Katarzyna Osos
0%
Koalicja Obywatelska Katarzyna Piekarska
0%
PIS Katarzyna Sójka
0%
PIS Kazimierz Choma
0%
PIS Kazimierz Gołojuch
0%
PIS Kazimierz Gwiazdowski
0%
Koalicja Obywatelska Kazimierz Plocke
0%
PIS Kazimierz Smoliński
0%
Koalicja Obywatelska Konrad Frysztak
0%
Koalicja Obywatelska Krystian Łuczak
0%
Koalicja Obywatelska Krystyna Sibińska
0%
Koalicja Obywatelska Krystyna Skowrońska
0%
Koalicja Obywatelska Krystyna Szumilas
0%
Koalicja Obywatelska Krzysztof Bojarski
0%
PIS Krzysztof Ciecióra
0%
PIS Krzysztof Czarnecki
0%
Koalicja Obywatelska Krzysztof Gadowski
0%
Koalicja Obywatelska Krzysztof Habura
0%
PIS Krzysztof Kubów
0%
PIS Krzysztof Lipiec
0%
PIS Krzysztof Szczucki
0%
Koalicja Obywatelska Krzysztof Truskolaski
0%
PIS Lidia Burzyńska
0%
Koalicja Obywatelska Lucjan Pietrzczyk
0%
Koalicja Obywatelska Łukasz Horbatowski
0%
Koalicja Obywatelska Łukasz Ściebiorowski
0%
Koalicja Obywatelska Maciej Lasek
0%
PIS Maciej Małecki
0%
Koalicja Obywatelska Magdalena Filiks
0%
PIS Magdalena Filipek
0%
Koalicja Obywatelska Magdalena Łośko
0%
PIS Małgorzata Golińska
0%
Koalicja Obywatelska Małgorzata Niemczyk
0%
Koalicja Obywatelska Małgorzata Pępek
0%
Koalicja Obywatelska Małgorzata Tracz
0%
PIS Marcin Grabowski
0%
PIS Marcin Gwóźdź
0%
PIS Marcin Porzucek
0%
Trzecia droga - Polska 2050 Marcin Skonieczka
0%
Trzecia droga - PSL Marek Biernacki
0%
Koalicja Obywatelska Marek Chmielewski
0%
PIS Marek Gróbarczyk
0%
Koalicja Obywatelska Marek Gzik
0%
Koalicja Obywatelska Marek Hok
0%
Koalicja Obywatelska Marek Krząkała
0%
PIS Marek Matuszewski
0%
Koalicja Obywatelska Marek Rząsa
0%
PIS Marek Wesoły
0%
Koalicja Obywatelska Maria Janyska
0%
PIS Maria Kurowska
0%
PIS Mariusz Kałużny
0%
PIS Mariusz Krystian
0%
Koalicja Obywatelska Mariusz Witczak
0%
Koalicja Obywatelska Marta Golbik
0%
Koalicja Obywatelska Marzena Okła
0%
PIS Michał Cieślak
0%
Koalicja Obywatelska Michał Krawczyk
0%
PIS Michał Moskal
0%
Trzecia droga - PSL Michał Pyrzyk
0%
Koalicja Obywatelska Mirosława Nykiel
0%
PIS Mirosława Stachowiak
0%
Trzecia droga - PSL Mirosław Maliszewski
0%
Trzecia droga - PSL Mirosław Orliński
0%
Niezrzeszony Monika Pawłowska
0%
PIS Norbert Kaczmarczyk
0%
PIS Olga Semeniuk
0%
Koalicja Obywatelska Patryk Gabriel
0%
Koalicja Obywatelska Patryk Jaskulski
0%
PIS Patryk Wicher
0%
Trzecia droga - PSL Paweł Bejda
0%
Koalicja Obywatelska Paweł Bliźniuk
0%
PIS Paweł Hreniak
0%
PIS Paweł Jabłoński
0%
Koalicja Obywatelska Paweł Olszewski
0%
Koalicja Obywatelska Paweł Papke
0%
PIS Paweł Rychlik
0%
PIS Paweł Sałek
0%
PIS Paweł Szefernaker
0%
Koalicja Obywatelska Piotr Adamowicz
0%
Koalicja Obywatelska Piotr Borys
0%
Koalicja Obywatelska Piotr Głowski
0%
Koalicja Obywatelska Piotr Lachowicz
0%
Trzecia droga - Polska 2050 Piotr Strach
0%
PIS Piotr Uruski
0%
PIS Piotr Uściński
0%
PIS Przemysław Drabek
0%
Trzecia droga - PSL Radosław Lubczyk
0%
Koalicja Obywatelska Rafał Siemaszko
0%
PIS Rafał Weber
0%
Koalicja Obywatelska Renata Rak
0%
Koalicja Obywatelska Robert Dowhan
0%
PIS Robert Telus
0%
PIS Robert Warwas
0%
PIS Ryszard Bartosik
0%
PIS Sebastian Łukaszewicz
0%
PIS Sławomir Skwarek
0%
Koalicja Obywatelska Stanisław Gorczyca
0%
Koalicja Obywatelska Stanisław Lamczyk
0%
Trzecia droga - PSL Stanisław Tomczyszyn
0%
Trzecia droga - PSL Stefan Krajewski
0%
PIS Sylwester Tułajew
0%
Koalicja Obywatelska Sylwia Bielawska
0%
PIS Szymon Giżyński
0%
PIS Szymon Pogoda
0%
PIS Tadeusz Chrzan
0%
PIS Teresa Pamuła
0%
Koalicja Obywatelska Tomasz Głogowski
0%
Koalicja Obywatelska Urszula Augustyn
0%
Trzecia droga - PSL Urszula Nowogórska
0%
PIS Urszula Rusecka
0%
Koalicja Obywatelska Waldemar Sługocki
0%
Koalicja Obywatelska Weronika Smarduch
0%
PIS Wiesław Krajewski
0%
Trzecia droga - PSL Wiesław Różyński
0%
PIS Witold Czarnecki
0%
PIS Władysław Dajczak
0%
PIS Władysław Kurowski
0%
Koalicja Obywatelska Włodzisław Giziński
0%
Koalicja Obywatelska Wojciech Saługa
0%
PIS Wojciech Zubowski
0%
Trzecia droga - Polska 2050 Żaneta Cwalina
0%
PIS Zbigniew Chmielowiec
0%
PIS Zbigniew Dolata
0%
PIS Zbigniew Kuźmiuk
0%
Trzecia droga - PSL Zbigniew Sosnowski
0%
Trzecia droga - PSL Zbigniew Ziejewski
0%
Koalicja Obywatelska Zdzisław Gawlik
0%
Koalicja Obywatelska Zofia Czernow
0%
Nie znaleziono quizów pasujących do podanych kryteriów
Rozkład punktacji
Procent ludzi z każdym wynikiem
Percentyl według liczby udzielonych odpowiedzi
Twoja historia wyników
Nie rozwiązałeś tego quizu